000 01522nam a2200361 a 4500
001 ebr10486801
003 CaPaEBR
006 m u
007 cr cn|||||||||
008 110818s2010 ilua sb 000 0 eng d
020 _z9780838958131
020 _z9780838991329 (e-book)
040 _aCaPaEBR
_cCaPaEBR
035 _a(OCoLC)701843073
050 1 4 _aZ692.C65
_bT73 2010eb
100 1 _aTrainor, Cindi.
245 1 0 _aRethinking library linking
_h[electronic resource] :
_bbreathing new life into OpenURL /
_cCindi Trainor and Jason Price.
260 _aChicago :
_bALA TechSource,
_c2010.
300 _a35 p. :
_bcol. ill.
490 1 _aLibrary technology reports : expert guides to library systems and services,
_x0024-2586 ;
_vv. 46, no. 7
500 _a"October 2010"--Cover.
504 _aIncludes bibliographical references.
533 _aElectronic reproduction.
_bPalo Alto, Calif. :
_cebrary,
_d2011.
_nAvailable via World Wide Web.
_nAccess may be limited to ebrary affiliated libraries.
650 0 _aLibraries
_xSpecial collections
_xElectronic information resources.
650 0 _aElectronic information resources
_xManagement.
650 0 _aWeb services.
650 0 _aSerials librarianship.
655 7 _aElectronic books.
_2local
700 1 _aPrice, Jason.
710 2 _aebrary, Inc.
830 0 _aLibrary technology reports ;
_vv. 46, no. 7.
856 4 0 _uhttp://site.ebrary.com/lib/rucke/Doc?id=10486801
_zAn electronic book accessible through the World Wide Web; click to view
999 _c228050
_d228050